00000000nam 2200000zi 4500
0019.947475
003CaOODSP
00520250128153640
006m     o  d f      
007cr mn|||||||||
008250128e199208  oncd    ob   f000 0 fre d
020 |z0662977335
040 |aCaOODSP|bfre|erda|cCaOODSP
043 |an-cn---
0861 |aZ1-1989/1-41-13F-PDF|zZ1-1989/1-41-13F
1001 |aHirshhorn, Ronald, |eauteur.
24510|aPropriété et organisation de l'infrastructure de transport - routes et aéroports / |cpar Ron Hirshhorn.
264 1|a[Ottawa] : |b[Commission royale sur le transport des voyageurs au Canada], |caoût 1992.
264 4|c©1992
300 |a1 ressource en ligne (98 pages) : |bgraphiques
336 |atexte|btxt|2rdacontent/fre
337 |ainformatique|bc|2rdamedia/fre
338 |aressource en ligne|bcr|2rdacarrier/fre
500 |aPublié aussi en anglais sous le titre : The ownership and organization of transportation infrastructure - roads and airports.
500 |a« Rapport rédigé pour la Division de la recherche, Commission royale sur le transport des voyageurs au Canada. »
500 |a« RR-13. »
500 |aÉdition numérisée de l'imprimée [par Direction des publications du gouvernement du Canada].
504 |aComprend des références bibliographiques.
650 6|aInfrastructure (Économie politique)|zCanada.
650 6|aRoutes|zCanada.
650 6|aAéroports|zCanada.
650 6|aTransport|xPolitique gouvernementale|zCanada.
7101 |aCanada. |bCommission royale sur le transport des voyageurs au Canada. |bDivision de la recherche, |eorganisme de publication.
77508|tThe ownership and organization of transportation infrastructure - roads and airports / |w(CaOODSP)9.947474
85640|qPDF|s8.15 Mo|uhttps://publications.gc.ca/collections/collection_2025/bcp-pco/Z1-1989-1-41-13-fra.pdf